Länder mit Atlantikküste und Pazifikküste - Statistiken

Allgemein
  • Dieses Quiz wurde 274 mal gespielt
  • Das Durchschnittsergebnis liegt bei 9 aus 11
Antwortstatistiken
Antwort % Korrekt
Kanada
97%
Mexiko
95%
Panama
92%
Costa Rica
85%
Nicaragua
82%
Honduras
81%
Kolumbien
80%
Guatemala
79%
Chile
73%
Vereinigte Staaten von Amerika
65%
Russland
51%
Keine übereinstimmenden Quizze gefunden
Verteilung der Resultate
Anzahl Personen mit jedem Resultat
Perzentil nach korrekt beantworteten Fragen
Ihre Resultats-Entwicklung
Sie haben dieses Quiz noch nicht gespielt